|
|
|
|
| LEADER |
00000cam a2200000 a 4500 |
| 001 |
vtls011612779 |
| 003 |
SK-MaSNL |
| 005 |
20260301183019.0 |
| 008 |
200316s2017 xo a g n 000 0 slo |
| 015 |
|
|
|a SNBA2017/04
|
| 020 |
|
|
|a 9788097258665
|q (brož.)
|
| 035 |
|
|
|a urn:nbn:sk:snk-am00dh9w
|
| 035 |
|
|
|a urn:nbn:sk:snk-am3i27o
|
| 035 |
|
|
|a D0E17063-61F6-4281-9053-112DB2A56309
|
| 040 |
|
|
|a SNK
|b slo
|c SNK
|e AACR2
|
| 041 |
1 |
|
|a slo
|h ara
|
| 044 |
|
|
|a xo
|c SK
|
| 072 |
|
7 |
|a 2-23/-27
|x Biblia. Biblistika
|2 konspekt
|
| 080 |
|
|
|a 27-67:28
|2 2011
|
| 080 |
|
|
|a 2-277.3
|2 2011
|
| 080 |
|
|
|a (049)
|2 2011
|
| 080 |
|
|
|a 27-277
|2 2011
|
| 245 |
0 |
0 |
|a Pravda medzi riadkami Biblie
|c [zostavil a upravil Ammar Qari ; do slovenčiny preložili Fadlurrahman, Maria Shash]
|
| 260 |
|
|
|a [Spišské Vlachy
|b Ammar Qari]
|c 2017
|
| 300 |
|
|
|a 268 s.
|b tab.
|c 25 cm
|
| 500 |
|
|
|a Preložené z arabštiny
|
| 500 |
|
|
|a Vydavateľské údaje podľa ISBN
|
| 504 |
|
|
|a Bibliografické odkazy ; poznámky ; vysvetlivky
|
| 650 |
0 |
7 |
|a kresťanstvo a islam
|2 SNKPH
|9 68790
|
| 650 |
0 |
7 |
|a Christianity and Islam
|2 SNKPHeng
|9 330266
|
| 650 |
0 |
7 |
|a biblická exegéza
|2 SNKPH
|9 4349
|
| 650 |
0 |
7 |
|a Biblical exegesis
|2 SNKPHeng
|9 302426
|
| 650 |
0 |
7 |
|a biblická interpretácia
|2 SNKPH
|9 68298
|
| 650 |
0 |
7 |
|a Biblical interpretation
|2 SNKPHeng
|9 302425
|
| 655 |
|
7 |
|a rozpravy
|2 SNKPH
|9 70559
|
| 655 |
|
7 |
|a Essays
|2 SNKPHeng
|9 267540
|
| 700 |
1 |
|
|a Qari, Ammar
|4 com
|9 418961
|
| 700 |
1 |
|
|a Fadlurrahman
|4 trl
|9 493301
|
| 700 |
1 |
|
|a Shash, Maria
|4 trl
|9 557699
|
| 852 |
|
|
|a Štátna vedecká knižnica v Banskej Bystrici
|
| 919 |
|
|
|a 978-80-972586-6-5
|
| 958 |
|
|
|a NB
|
| 958 |
|
|
|a NT
|
| 958 |
|
|
|a OP
|
| 968 |
|
|
|b AR
|
| 999 |
|
|
|c 855561
|d 857491
|
| 952 |
|
|
|a SNK
|b SNK
|y PREZ
|7 0
|p 17A1256229
|o snkSC 173815
|i snk2017/7202
|8 0
|0 0
|1 0
|4 0
|d 2017-03-22
|f 1
|l 0
|r 2025-09-11 00:00:00
|w 2026-02-24
|
| 952 |
|
|
|a SNK
|b SNK
|y VYP
|7 0
|p 17A1256230
|o snkSC 173815 D1
|i snk2017/7203
|8 0
|0 0
|1 0
|4 0
|d 2017-03-22
|l 0
|r 2026-02-24 04:55:17
|w 2026-02-24
|